[Event "ISR-chT"]
[Site "Israel"]
[Date "1996.??.??"]
[Round "2"]
[White "Lev, Ronen"]
[Black "Tseitlin, Mark D"]
[Result "0-1"]
[WhiteElo "2465"]
[BlackElo "2545"]

1.d4 Nf6 2.c4 g6 3.Nc3 d5 4.cxd5 Nxd5 5.e4 Nxc3 6.bxc3 Bg7 7.Bb5+ c6 8.Ba4 a5
9.Nf3 O-O 10.O-O Nd7 11.Bc2 b5 12.Bd3 Nb6 13.h3 Be6 14.Re1 Qc7 15.Bg5 Bc4
16.Bc2 c5 17.Qc1 Rfc8 18.Bf4 Qb7 19.Qe3 cxd4 20.cxd4 b4 21.Ne5 Be6 22.Bd3 Rc3
23.Qe2 Bxe5 24.Bxe5 Bc4 25.Bxc4 Nxc4 26.Bf4 Na3 27.Red1 Rac8 28.d5 R3c4 29.Bh6 Nb5
30.Re1 a4 31.Qb2 Nc3 32.Re3 f6 33.Rae1 b3 34.axb3 Qxb3 35.Qa1 a3 36.e5 fxe5
37.Rxe5 R4c7 38.d6 exd6 39.Re8+ Kf7 40.R8e3 Qb2 41.Rf3+ Kg8 42.Kf1 d5 43.Bf4 Re7
44.Bd6 Rxe1+ 45.Qxe1 Ne4 46.Bxa3 Nd2+ 47.Ke2 Nxf3+ 48.Bxb2 Nxe1 49.Kxe1 Rc2
50.Bd4 Kf7 51.Be3 Ke6 52.Bd2 d4 53.Ke2 Kd5 54.Kd3 Ra2  0-1

[Event "ISR-chT"]
[Site "Israel"]
[Date "1996.??.??"]
[Round "8"]
[White "Bykhovsky, Avigdor"]
[Black "Tseitlin, Mark D"]
[Result "0-1"]
[WhiteElo "2405"]
[BlackElo "2545"]

1.d4 Nf6 2.c4 g6 3.Nc3 d5 4.cxd5 Nxd5 5.e4 Nxc3 6.bxc3 Bg7 7.Bc4 O-O 8.Ne2 Qd7
9.O-O b6 10.Bg5 Ba6 11.Bxa6 Nxa6 12.Qd2 c5 13.d5 Nc7 14.Rad1 Nb5 15.Bh6 e5
16.Bxg7 Kxg7 17.f4 f6 18.d6 Qe6 19.fxe5 fxe5 20.Rxf8 Rxf8 21.a4 Na3 22.d7 Rd8
23.Ng3 h6 24.Nf1 Nc4 25.Qa2 Qf7 26.Rd5 Nd6 27.Qe2 Qe7 28.Ne3 Rxd7 29.Qd3 Rd8
30.Nc4 Nf7 31.Rxd8 Nxd8 32.Qd5 Nf7 33.g3 Qf6 34.Kg2 h5 35.h4 Qe7 36.Qc6 Nh6
37.Ne3 Qf7 38.Qd6 Qa2+ 39.Kh3 Nf7 40.Qd1 Qf2 41.Nc4 g5 42.hxg5 Nxg5+ 43.Kh4 Nf7  0-1

[Event "Jakarta Gunadarma"]
[Site "Jakarta"]
[Date "1996.??.??"]
[Round "5"]
[White "Sokolov, Ivan"]
[Black "Ftacnik, Lubomir"]
[Result "1/2-1/2"]
[WhiteElo "2670"]
[BlackElo "2610"]

1.d4 Nf6 2.c4 g6 3.Nc3 d5 4.cxd5 Nxd5 5.e4 Nxc3 6.bxc3 Bg7 7.Bb5+ c6 8.Bc4 c5
9.Ne2 Nc6 10.Be3 O-O 11.O-O Qc7 12.Rc1 Rd8 13.Qd2 Qa5 14.Qb2 Qb6 15.Qxb6 axb6
16.Rfd1 Be6 17.d5 Ne5 18.Bb3 Bd7 19.c4 b5 20.cxb5 Bxb5 21.Nc3 Ba6 22.Bxc5 Nd3
23.Bxe7 Nxc1 24.Rxc1 Rdc8 25.Bb4 Bc4 26.g3 Bxb3 27.axb3 Ra6 28.Kg2 f5 29.exf5 gxf5
30.d6 Bxc3 31.d7 Rd8 32.Rxc3 Rxd7 33.Rc8+ Kf7 34.Rf8+ Kg6 35.Bc3 Rd3 36.Be5 Rxb3
37.f4 h6 38.Kh3 Rf3 39.Kh4 Ra2 40.h3 Raa3 41.Rf6+ Kh7 42.Rf7+ Kg8 43.Rg7+ Kf8
44.Rxb7  1/2-1/2

[Event "Koszalin op"]
[Site "Koszalin"]
[Date "1996.??.??"]
[Round "2"]
[White "Urban, Klaudiusz"]
[Black "Sakalauskas, Vaidas"]
[Result "1-0"]
[WhiteElo "2440"]
[BlackElo "2320"]

1.d4 Nf6 2.c4 g6 3.Nc3 d5 4.cxd5 Nxd5 5.e4 Nxc3 6.bxc3 Bg7 7.Nf3 c5 8.Rb1 O-O
9.Be2 b6 10.O-O Bb7 11.Qd3 Ba6 12.Qe3 cxd4 13.cxd4 Qd7 14.Ba3 Re8 15.Rfd1 Bxe2
16.Qxe2 Qa4 17.Qd3 Qa6 18.Rbc1 Qb7 19.Rc2 Na6 20.h4 Rad8 21.Qe3 Rd7 22.Rdc1 Red8
23.d5 Nc7 24.Qf4 Nb5 25.Bb2 Qb8 26.Qe3 f6 27.a4 Nd6 28.Nd4 Re8 29.Ne6 Nf7
30.f4 Bh6 31.g4 Bf8 32.g5 Qd6 33.Ba3 Qb8 34.gxf6 Bh6 35.fxe7 Nd6 36.Rc6 Nb7
37.Qc3 Nc5 38.Bb2  1-0

[Event "Koszalin op"]
[Site "Koszalin"]
[Date "1996.??.??"]
[Round "9"]
[White "Kula, Robert"]
[Black "Markowski, Damian"]
[Result "1-0"]
[WhiteElo "2400"]
[BlackElo "2270"]

1.d4 Nf6 2.c4 g6 3.Nc3 d5 4.cxd5 Nxd5 5.e4 Nxc3 6.bxc3 Bg7 7.Be3 c5 8.Qd2 O-O
9.Bc4 Nc6 10.Ne2 Qc7 11.Rc1 b6 12.O-O Bb7 13.Bh6 Na5 14.Bd3 e5 15.Bxg7 Kxg7
16.f4 f5 17.fxe5 fxe4 18.Bb1 Qe7 19.Ng3 Qh4 20.Rce1 cxd4 21.cxd4 Rxf1+ 22.Rxf1 Rd8
23.Qf2 Bd5 24.Nf5+  1-0

[Event "SLO-ch U18"]
[Site "Kranj"]
[Date "1996.??.??"]
[Round "4"]
[White "Frangez, Simon"]
[Black "Pavlovic, Z."]
[Result "1/2-1/2"]
[WhiteElo "1935"]
[BlackElo "1910"]

1.d4 Nf6 2.c4 g6 3.Nc3 d5 4.cxd5 Nxd5 5.e4 Nxc3 6.bxc3 Bg7 7.Bc4 c5 8.Be3 Nc6
9.Ne2 O-O 10.O-O cxd4 11.cxd4 Na5 12.Bd3 e6 13.e5 b6 14.Nf4 Bb7 15.Qg4 Qe7
16.h4 Rac8 17.h5 Rfe8 18.hxg6 hxg6 19.Rad1 Nc4 20.Nxg6 fxg6 21.Bxg6 Nxe3
22.fxe3 Rf8 23.Qh3 Bh8 24.Qg4 Bg7 25.Qh5 Bh8 26.Qg4 Bg7 27.Qh5  1/2-1/2

[Event "Krasnodar op"]
[Site "Krasnodar"]
[Date "1996.??.??"]
[Round "9"]
[White "Bezgodov, Alexei"]
[Black "Zakharov, Alexander S"]
[Result "1-0"]
[WhiteElo "2485"]
[BlackElo "2300"]

1.d4 Nf6 2.c4 g6 3.Nc3 d5 4.cxd5 Nxd5 5.e4 Nxc3 6.bxc3 Bg7 7.Nf3 c5 8.Rb1 O-O
9.Be2 Nd7 10.O-O Nf6 11.Bd3 b6 12.d5 Ne8 13.Bf4 f5 14.e5 Qxd5 15.Qe2 Kh8
16.Rfd1 Bb7 17.Bg5 Nc7 18.Bxe7 Rfe8 19.Bd6 Qc6 20.Bc4 Ne6 21.Bb5 Nf4 22.Qe3 Qe4
23.Re1 Nxg2 24.Qxe4 fxe4 25.Kxg2 exf3+ 26.Kg3 Red8 27.Rbd1 a6 28.Bc4 Bc6
29.e6 Bxc3 30.e7 Re8 31.Bf7 Kg7 32.Bxe8 Rxe8 33.Be5+ Bxe5+ 34.Rxe5 Kf6 35.Re3 Kf7
36.Rd6 Bb5 37.Rxb6 Rxe7 38.Rxe7+ Kxe7 39.Kxf3  1-0

[Event "La Coruna op"]
[Site "La Coruna"]
[Date "1996.??.??"]
[Round "?"]
[White "Candela Perez, Jose"]
[Black "Iglesias, F."]
[Result "1-0"]
[WhiteElo "2365"]
[BlackElo "2025"]

1.d4 Nf6 2.c4 g6 3.Nc3 d5 4.cxd5 Nxd5 5.e4 Nxc3 6.bxc3 Bg7 7.Bc4 c5 8.Ne2 Nc6
9.Be3 O-O 10.O-O Bg4 11.f3 Na5 12.Bd3 cxd4 13.cxd4 Be6 14.Qa4 a6 15.Rfd1 b5
16.Qa3 Nc4 17.Bxc4 Bxc4 18.Ng3 Qd6 19.Qa5 f5 20.exf5 gxf5 21.Rac1 Qg6 22.Bf4 Rad8
23.Be5 f4 24.Ne4 Be2 25.Rd2 Bxf3 26.Bxg7 Qxg7 27.Nc5 Bd5 28.Rf1 Rd6 29.Qc3 Rg6
30.Rff2 e6 31.Nd3 f3 32.g3 h5 33.Ne5 h4 34.Nxg6 Qxg6 35.Qc2 Be4 36.Qc7 Bd5
37.Rd1 Rf7 38.Qd8+ Kg7 39.Qxh4 Rc7 40.Qf4 Rc2 41.h4 Rxf2 42.Kxf2 Qc2+ 43.Rd2 Qc1
44.Qg5+ Kf8 45.h5 Qh1 46.h6 Qh2+ 47.Ke3 Qg1+ 48.Kf4 Qe1 49.Qg7+ Ke8 50.h7 Qe4+
51.Kg5 Qf5+ 52.Kh4 Qe4+ 53.g4  1-0

[Event "CUB-ch"]
[Site "Las Tunas"]
[Date "1996.??.??"]
[Round "2"]
[White "Leyva, Hector"]
[Black "Vera, Reynaldo"]
[Result "0-1"]
[WhiteElo "2410"]
[BlackElo "2505"]

1.d4 Nf6 2.c4 g6 3.Nc3 d5 4.cxd5 Nxd5 5.e4 Nxc3 6.bxc3 Bg7 7.Nf3 c5 8.Rb1 O-O
9.Be2 Nc6 10.d5 Ne5 11.Nxe5 Bxe5 12.Qd2 b6 13.O-O Bg7 14.f4 e6 15.c4 Bd4+
16.Kh1 exd5 17.exd5 Bf5 18.Bd3 Qf6 19.Qc2 Rfe8 20.Bd2 Re2 21.Rbe1 Rae8 22.a4 Qh4
23.Rxe2 Rxe2 24.Bxf5 gxf5 25.Qd3 Qg4 26.g3 Qh5  0-1

[Event "Lazne Bohdanec-B"]
[Site "Lazne Bohdanec"]
[Date "1996.??.??"]
[Round "11"]
[White "Voloshin, Leonid"]
[Black "Pribyl, Josef"]
[Result "1/2-1/2"]
[WhiteElo "2420"]
[BlackElo "2415"]

1.d4 Nf6 2.c4 g6 3.Nc3 d5 4.cxd5 Nxd5 5.e4 Nxc3 6.bxc3 Bg7 7.Bc4 c5 8.Be3 Nc6
9.Ne2 O-O 10.O-O Qc7 11.Rc1 Rd8 12.Bd3 e5 13.d5 Na5 14.c4 b6 15.Nc3 Bd7 16.Qc2 Rf8
17.Rce1 Rae8 18.Qc1 Nb7 19.Nb1 Nd6  1/2-1/2

[Event "Leiner op"]
[Site "Leiner"]
[Date "1996.??.??"]
[Round "6"]
[White "Schweda, Roland"]
[Black "Rogulj, Branko"]
[Result "1-0"]
[WhiteElo "2330"]
[BlackElo "2415"]

1.d4 Nf6 2.c4 g6 3.Nc3 d5 4.cxd5 Nxd5 5.e4 Nxc3 6.bxc3 Bg7 7.Bc4 O-O 8.Ne2 Qd7
9.O-O b6 10.Be3 Bb7 11.Bd3 Nc6 12.Qd2 Rfe8 13.Bh6 e5 14.Bxg7 Kxg7 15.f4 exd4
16.f5 Qd6 17.cxd4 Nxd4 18.Ng3 f6 19.Rf2 g5 20.Nh5+ Kh8 21.h4 h6 22.Qe3 Re7
23.hxg5 hxg5 24.e5 Qxe5 25.Qxe5 Rxe5 26.Nxf6 Re3 27.Rd1 Rf8 28.Ng4 Rg3 29.Ne5 Kg7
30.Re1 Nc6 31.Nxc6 Bxc6 32.Re7+ Rf7 33.f6+ Kf8 34.Rxf7+ Kxf7 35.Bc4+ Kf8
36.Rd2 Re3 37.f7 Re7 38.Rd8+ Be8 39.fxe8=Q+ Rxe8 40.Rd7 Re7 41.Rd8+ Kg7 42.Rg8+ Kf6
43.Kf2 Re5 44.Bb3 Rc5 45.Ke3 Kf5 46.Bd1 Rc3+ 47.Kd4 Rc5 48.Rf8+ Ke6 49.Bb3+ Kd6
50.Rf6+ Kd7 51.g4 Rc1 52.Rf5 c5+ 53.Kd3 b5 54.Kd2 Rg1 55.Rxc5 Rxg4 56.Rxb5 Kc6
57.Rb8 Rg1 58.Ke2 Kc5 59.Rc8+ Kb5 60.Rc4 Rh1 61.Rg4 Rh5 62.Kf2 Kb6 63.Kg3 Kc7
64.Rc4+ Kb6 65.Kg4 Rh2 66.Kxg5 Rf2 67.Rf4 Re2 68.Kf5 Kc5 69.Re4 Rh2 70.Ra4 Kb6
71.Ke5 Rd2 72.Rd4 Rh2 73.Kd5 Rh5+ 74.Kc4 Rc5+ 75.Kd3 Rh5 76.Kc3 Rc5+ 77.Bc4 Kc6
78.Re4 Rh5 79.Kb4 Kb6 80.Re6+ Kc7 81.Bb5 Kb7 82.Ka5 Rg5 83.Re7+ Kb8 84.a4 Rh5
85.Rd7 Rg5 86.Kb4 Rh5 87.Bc6 Rh6 88.Kc5 Rh5+ 89.Bd5 a5 90.Kb6 Kc8 91.Bc6 Re5
92.Ra7 Kd8 93.Ra8+  1-0

[Event "VfB op 3rd"]
[Site "Leipzig"]
[Date "1996.??.??"]
[Round "3"]
[White "Ulms, Sandra"]
[Black "Peters, Andreas"]
[Result "0-1"]
[WhiteElo "2070"]
[BlackElo "2315"]

1.d4 Nf6 2.c4 g6 3.Nc3 d5 4.cxd5 Nxd5 5.e4 Nxc3 6.bxc3 Bg7 7.Bc4 c5 8.Ne2 Nc6
9.Be3 O-O 10.O-O Na5 11.Bd3 Bg4 12.f3 cxd4 13.cxd4 Be6 14.d5 Bxa1 15.Qxa1 f6
16.Bh6 Re8 17.Nd4 Bd7 18.f4 Rc8 19.e5 Nc4 20.Bxc4 Rxc4 21.Kh1 Qb6 22.Nf3 Bg4
23.Rb1 Rec8 24.Ng1 Qd4 25.Qxd4 Rxd4 26.Rxb7 Rxd5 27.Rxa7 Rd7 28.Ra6 Kf7 29.h3 Be6
30.Kh2 Rc2 31.Nf3 Rxa2 32.Rb6 Rd3 33.Rb8 Bd5 34.Nh4 f5 35.Rh8 Bxg2 36.Rxh7+ Ke6
37.Nxg2 Rdd2 38.Bg5 Rxg2+ 39.Kh1 Rgb2 40.Rxe7+ Kd5 41.Rd7+ Ke4 42.Rd1 Rh2+
43.Kg1 Rag2+ 44.Kf1 Rc2 45.Kg1 Ke3 46.e6 Rcg2+ 47.Kf1 Rg3  0-1

[Event "Liechtenstein op"]
[Site "Liechtenstein"]
[Date "1996.??.??"]
[Round "1"]
[White "Pribyl, Martin"]
[Black "Thielemann, Joachim"]
[Result "1-0"]
[WhiteElo "2325"]
[BlackElo "2015"]

1.d4 Nf6 2.c4 g6 3.Nc3 d5 4.cxd5 Nxd5 5.e4 Nxc3 6.bxc3 Bg7 7.Nf3 c5 8.Bb5+ Nc6
9.O-O O-O 10.Be3 Bg4 11.dxc5 Qa5 12.Qa4 Bxc3 13.Bxc6 bxc6 14.Qxa5 Bxa5 15.Ne5 Be2
16.Rfc1 Rfc8 17.Rab1 f6 18.Nc4 Bxc4 19.Rxc4 Rab8 20.Rd1 Kf7 21.Ra4 Rd8 22.Rc1 Rb5
23.g3 Rd7 24.h4 h5 25.Kg2 e5 26.Ra3 Ke6 27.Kf3 f5 28.Rb3 Rxb3 29.axb3 Bb4
30.Rc4 a5 31.Ke2 fxe4 32.Rxe4 Bc3 33.Rc4 Bd4 34.Ra4 Bxe3 35.Kxe3 Rb7 36.Rxa5 Rxb3+
37.Ke4 Rc3 38.Ra8 Rc4+ 39.Ke3 Rxc5 40.Rg8 Kf7 41.Rc8 Rc4 42.Kd3 Rd4+ 43.Ke3 Rd6
44.Ke4 Kf6 45.Rf8+ Ke7 46.Rh8 Rd2 47.Rc8 Re2+ 48.Kf3 Rc2 49.Ke4 Kd6 50.Rd8+ Ke6
51.Re8+ Kf7 52.Rc8 Ke6 53.Re8+ Kd6 54.Rd8+ Kc7 55.Rg8 Rc4+ 56.Kxe5 Rg4 57.Ra8 Kb6
58.Ra3 c5 59.f4 Kb5 60.Kd5 Kb4 61.Rf3 c4 62.Kd4 Kb5 63.Kc3 Kc5 64.Re3 Kd5
65.Re5+ Kd6 66.Re3 Kc5 67.Re5+ Kd6 68.Re3 Kc5 69.Re5+  1-0

[Event "Liechtenstein op"]
[Site "Liechtenstein"]
[Date "1996.??.??"]
[Round "6"]
[White "Netolitzky, Gregor"]
[Black "Spiegel, Wilfried"]
[Result "0-1"]
[WhiteElo "2235"]
[BlackElo "2210"]

1.d4 Nf6 2.c4 g6 3.Nc3 d5 4.cxd5 Nxd5 5.e4 Nxc3 6.bxc3 Bg7 7.Be3 c5 8.Qd2 Qa5
9.Rb1 cxd4 10.cxd4 Qxd2+ 11.Kxd2 O-O 12.Bc4 Nc6 13.Ne2 Rd8 14.d5 e6 15.Rb5 b6
16.Ke1 Ne5 17.Rb4 Bf8 18.Ra4 Bd7  0-1

[Event "SWE-chJ"]
[Site "Linkoping"]
[Date "1996.??.??"]
[Round "?"]
[White "Landgren, Andreas"]
[Black "Upmark, Johan"]
[Result "1/2-1/2"]
[WhiteElo "2075"]
[BlackElo "2105"]

1.d4 Nf6 2.c4 g6 3.Nc3 d5 4.cxd5 Nxd5 5.e4 Nxc3 6.bxc3 Bg7 7.Bc4 c5 8.Ne2 Nc6
9.Be3 O-O 10.O-O Qc7 11.Rc1 Rd8 12.Bf4 Qd7 13.d5 Na5 14.Bd3 b5 15.Bg5 h6
16.Be3 e6 17.Nf4 exd5 18.Nxd5 c4 19.Bb1 Bb7 20.Bxh6 Bxd5 21.Bxg7 Kxg7 22.exd5 Nb7
23.Qd4+ Kg8 24.Rcd1 Nd6 25.f4 Nf5 26.Qe5 a6 27.Bxf5 Qxf5 28.Qd4 Rac8 29.Rfe1  1/2-1/2

[Event "Litomysl op"]
[Site "Litomysl"]
[Date "1996.??.??"]
[Round "7"]
[White "Jedlicka, Ales"]
[Black "Hornicek, Jiri"]
[Result "0-1"]
[WhiteElo "2145"]
[BlackElo "2275"]

1.d4 Nf6 2.c4 g6 3.Nc3 d5 4.cxd5 Nxd5 5.e4 Nxc3 6.bxc3 Bg7 7.Nf3 O-O 8.Ba3 Nd7
9.Be2 c5 10.O-O Qa5 11.Qc1 b6 12.Rb1 Bb7 13.Rb5 Qa4 14.dxc5 Qxe4 15.Re1 Qc6
16.cxb6 axb6 17.Rb3 Nc5 18.Rb1 e5 19.Bb5 Qc7 20.Be2 Rfd8 21.Bxc5 Qxc5 22.Rb5 Qc7
23.Qe3 e4 24.Nd4 Rxa2 25.Rb4 Bf8 26.Nb5 Qe5 27.Rd4 Rda8 28.Bc4 Rb2 29.Rd7 Bc6
30.Rxf7 Bd5 31.f4 Qh5 32.Be2 Rxe2 33.Rxf8+ Rxf8 34.Qxe2 Qxe2 35.Rxe2 Bc4
36.Rb2 Rxf4 37.g3 Rf1+ 38.Kg2 e3 39.Nd4 b5 40.Rc2 Bd3 41.Ra2 Kf7 42.Ra7+ Kf6
43.Ra6+ Kf7 44.Ra7+ Ke8 45.Ra8+ Kd7 46.Ra7+ Kd6 47.Ra6+ Kd5 48.Re6 e2 49.Nxe2 Kxe6
50.Kxf1 Kd5 51.Ke1 Kc4  0-1

[Event "Mladi op"]
[Site "Litomysl"]
[Date "1996.??.??"]
[Round "7"]
[White "Cvek, Robert"]
[Black "Kovchan, Alexander"]
[Result "1/2-1/2"]
[WhiteElo "2265"]
[BlackElo "2240"]

1.d4 Nf6 2.c4 g6 3.Nc3 d5 4.cxd5 Nxd5 5.e4 Nxc3 6.bxc3 Bg7 7.Be3 c5 8.Qd2 O-O
9.d5 e6 10.Rc1 Qh4 11.Bd3 exd5 12.exd5 Qg4 13.Be2 Qe4 14.c4 Re8 15.Nf3 Bd4
16.Bxd4 cxd4 17.O-O Bd7 18.Nxd4 Na6 19.Bf3 Qe7 20.Nb3 Ba4 21.Qa5 Bxb3 22.axb3 Nc5
23.Rce1 Qd6 24.Rxe8+ Rxe8 25.Qxa7 b6 26.Qa3 Qc7 27.g3 Nd3 28.d6 Qd7 29.Qa4 Qxa4
30.bxa4 Rd8 31.Rd1 Nb2 32.Rd4 Nxa4 33.Bc6 Nc5 34.Rd1 Kg7 35.Kg2 Kf6 36.d7 Ke7
37.Rb1 Nxd7 38.Bxd7 Rxd7 39.Rxb6 Rc7 40.Rb4 Kd6 41.Ra4 Ke5 42.Kf3 Kd4 43.Kf4 h6
44.h4 Rc6 45.g4 Rc5 46.Ra7 g5+ 47.Kg3 gxh4+ 48.Kxh4 f5 49.Rd7+ Ke5 50.Rf7 fxg4
51.Kxg4 Rxc4+ 52.f4+ Ke6 53.Rh7 Kf6 54.Rxh6+ Kg7 55.Ra6  1/2-1/2

[Event "Ljubljana op"]
[Site "Ljubljana"]
[Date "1996.??.??"]
[Round "1"]
[White "Plahuta, Darko"]
[Black "Jelen, Igor"]
[Result "0-1"]
[WhiteElo "2010"]
[BlackElo "2400"]

1.d4 Nf6 2.c4 g6 3.Nc3 d5 4.cxd5 Nxd5 5.e4 Nxc3 6.bxc3 Bg7 7.Bb2 O-O 8.Bc4 c5
9.d5 Nd7 10.f4 b5 11.Bd3 f5 12.exf5 c4 13.Bc2 gxf5 14.Qf3 Bb7 15.Ne2 e6 16.O-O-O Nf6
17.Nd4 Bxd5 18.Nxe6 Bxf3 19.Rxd8 Rfxd8 20.gxf3 Rd6 21.Bxf5 Re8 22.Nd4 Nd5
23.Rg1 Nxf4 24.Rg4 Ne2+ 25.Nxe2 Rxe2 26.Re4 Bh6+  0-1

[Event "Loures2"]
[Site "Loures"]
[Date "1996.??.??"]
[Round "9"]
[White "Paramos Dominguez, Roberto"]
[Black "Pinho, Paulo"]
[Result "1-0"]
[WhiteElo "2410"]
[BlackElo "2135"]

1.d4 Nf6 2.c4 g6 3.Nc3 d5 4.cxd5 Nxd5 5.e4 Nxc3 6.bxc3 Bg7 7.Bb5+ c6 8.Ba4 O-O
9.Ne2 c5 10.O-O Qa5 11.Bg5 b5 12.Bb3 Qc7 13.Bf4 Qb6 14.Bd5 Bb7 15.dxc5 Qa6
16.a4 b4 17.cxb4  1-0

[Event "Ludwigshafen-ch 10th"]
[Site "Ludwigshafen"]
[Date "1996.??.??"]
[Round "3"]
[White "Senne, Volker"]
[Black "Lukat, Lutz"]
[Result "0-1"]
[WhiteElo "1630"]
[BlackElo "1800"]

1.d4 Nf6 2.c4 g6 3.Nc3 d5 4.cxd5 Nxd5 5.e4 Nxc3 6.bxc3 Bg7 7.Nf3 c5 8.Bb2 Qa5
9.Qd2 O-O 10.Be2 cxd4 11.cxd4 Qxd2+ 12.Nxd2 Nc6 13.Nf3 Rd8 14.Rd1 Bg4 15.e5 Nb4
16.a3 Nc2+ 17.Kf1 b5 18.Rd2 Rac8 19.Bd1 Bf5 20.Nh4 Be4 21.Ke2 Bh6 22.f3 Bxd2
23.Kxd2 Nxd4 24.Bxd4 Rxd4+ 25.Ke3 Rcc4 26.Be2 Bd3 27.Bxd3 Rxd3+ 28.Kxd3 Rxh4
29.g4 h5 30.h3 hxg4 31.fxg4 f5 32.exf6 exf6 33.Ke3 f5 34.gxf5 gxf5 35.Rg1+ Kf7
36.Rh1 Ra4 37.h4 Kg6 38.Rg1+ Kh5 39.Rg5+ Kxh4 40.Rxf5 Rxa3+ 41.Kd2 a6 42.Kc2 Kg4
43.Rf6 Kg5 44.Rf7 a5 45.Kb2 b4 46.Rf8 Re3 47.Ra8 Re5 48.Kb3 Kf4 49.Rc8 Re3+
50.Kb2 a4 51.Rc4+ Re4 52.Rc7 Ke3 53.Rc1 Kd2 54.Rc2+ Kd3 55.Rc7 Re2+ 56.Ka1 Rc2
57.Ra7 Kc3 58.Kb1 Kb3 59.Rxa4 Kxa4 60.Kxc2 Ka3 61.Kb1 Kb3 62.Ka1 Kc2 63.Ka2 b3+  0-1

[Event "Ludwigshafen-ch 10th"]
[Site "Ludwigshafen"]
[Date "1996.??.??"]
[Round "6"]
[White "Weller, Karl"]
[Black "Hoegerl, Felix"]
[Result "1-0"]
[WhiteElo "1855"]
[BlackElo "1795"]

1.c4 Nf6 2.Nc3 d5 3.cxd5 Nxd5 4.e4 Nxc3 5.bxc3 g6 6.d4 Bg7 7.Bc4 O-O 8.Ne2 Bg4
9.f3 Bd7 10.Be3 Nc6 11.Qd2 a6 12.h4 Na5 13.Bd3 Bb5 14.h5 Nc4 15.Bxc4 Bxc4
16.Bh6 Bxe2 17.Bxg7 Kxg7 18.hxg6 fxg6 19.Qh6+ Kf6 20.Kxe2 Rf7 21.Rh4 Ke6
22.Qg5 Kd7 23.Rah1 Qe8 24.Rxh7 Rxh7 25.Rxh7 c6 26.Qe5 b5 27.d5 cxd5 28.Qxd5+ Kc7
29.Qe6 Kd8 30.Rg7  1-0

[Event "Madrid"]
[Site "Madrid"]
[Date "1996.??.??"]
[Round "2"]
[White "San Segundo, Pablo"]
[Black "Azmaiparashvili, Zurab"]
[Result "1/2-1/2"]
[WhiteElo "2535"]
[BlackElo "2660"]

1.d4 Nf6 2.c4 g6 3.Nc3 d5 4.cxd5 Nxd5 5.e4 Nxc3 6.bxc3 Bg7 7.Nf3 c5 8.Rb1 O-O
9.Be2 cxd4 10.cxd4 Qa5+ 11.Bd2 Qxa2 12.O-O Bg4 13.Bg5 h6 14.Be3 Nc6 15.Rxb7 Rfb8
16.Rxb8+ Rxb8 17.h3 Bd7 18.Bd3 Nb4 19.Qb1 a5 20.Qxa2 Nxa2 21.Bd2 Nb4 22.Rb1 e6
23.Ne5 Be8 24.Bf1 Bf8 25.d5 exd5 26.exd5 Rc8 27.Nc4 Nxd5 28.Bxa5  1/2-1/2

[Event "ITA-ch"]
[Site "Mantova"]
[Date "1996.??.??"]
[Round "5"]
[White "Arlandi, Ennio"]
[Black "Sarno, Spartaco"]
[Result "1/2-1/2"]
[WhiteElo "2445"]
[BlackElo "2410"]

1.d4 Nf6 2.c4 g6 3.Nc3 d5 4.cxd5 Nxd5 5.e4 Nxc3 6.bxc3 Bg7 7.Bb5+ Bd7 8.Be2 c5
9.Nf3 cxd4 10.cxd4 Bc6 11.Qd3 O-O 12.O-O e6 13.Bf4 Nd7 14.Rac1 Nf6 15.Nd2 Ne8
16.Nb3 Qe7 17.Na5 Rd8 18.Nxc6 bxc6 19.e5 Nc7 20.Rxc6 Nd5 21.Bd2 Nb4 22.Bxb4 Qxb4
23.Rc4 Qb2 24.Ra4 Bxe5 25.Rb1  1/2-1/2

[Event "LTU-ch (Women)"]
[Site "Marijampole"]
[Date "1996.??.??"]
[Round "9"]
[White "Dambravaite, Asta"]
[Black "Zakrevskaja, Daiva"]
[Result "1/2-1/2"]
[WhiteElo "2135"]
[BlackElo "2085"]

1.d4 Nf6 2.c4 g6 3.Nc3 d5 4.cxd5 Nxd5 5.e4 Nxc3 6.bxc3 Bg7 7.Bc4 c5 8.Ne2 O-O
9.O-O Nc6 10.Be3 Na5 11.Bd3 Bg4 12.f3 cxd4 13.cxd4 Be6 14.Qa4 a6 15.Rac1 b5
16.Qc2 Rc8 17.Qd2 Nc4 18.Bxc4 Bxc4 19.Rfd1 e6 20.Nc3 Qd7 21.Nb1 Qe7 22.Rc2 f5
23.e5 Rc6 24.Nc3 Rfc8 25.d5 exd5 26.Nxd5 Qxe5 27.Nb4 Re6 28.Bf2 Rce8 29.Qc1 Qf6
30.Nd5 Bxd5 31.Rxd5 Qa1  1/2-1/2

[Event "Wch U20"]
[Site "Medellin"]
[Date "1996.??.??"]
[Round "3"]
[White "Pelletier, Yannick"]
[Black "Kalod, Radek"]
[Result "0-1"]
[WhiteElo "2440"]
[BlackElo "2380"]

1.d4 Nf6 2.c4 g6 3.Nc3 d5 4.cxd5 Nxd5 5.e4 Nxc3 6.bxc3 Bg7 7.Nf3 c5 8.Rb1 O-O
9.Be2 cxd4 10.cxd4 Qa5+ 11.Bd2 Qxa2 12.O-O a5 13.Ra1 Qb2 14.Bxa5 Nc6 15.Rb1 Qa2
16.Bb6 Bg4 17.d5 Ne5 18.Re1 Bxf3 19.gxf3 Rfc8 20.Bd4 Qa4 21.Qxa4 Rxa4 22.Be3 f5
23.f4 Nc4 24.Rec1 fxe4 25.Bd1 b5 26.Bxa4 bxa4 27.Rb4 a3 28.Ra4 Bb2 29.Rc2 Kf7
30.Bc1 Nb6 31.Rxc8 Nxa4 32.Bxb2 axb2 33.Rb8 Kf6 34.Rb5 Kf5 35.d6+ Ke6 36.dxe7 Kxe7
37.Kf1 Kd6 38.Ke1 Kc6 39.Rb4 Kc5 40.Rb3 Kc4 41.Rb8 Kd3  0-1

[Event "Wch U20 Girls"]
[Site "Medellin"]
[Date "1996.??.??"]
[Round "3"]
[White "Benderac, Ana"]
[Black "Vark, Liina"]
[Result "1-0"]
[WhiteElo "2115"]
[BlackElo "2040"]

1.d4 Nf6 2.c4 g6 3.Nc3 d5 4.cxd5 Nxd5 5.e4 Nxc3 6.bxc3 Bg7 7.Bc4 O-O 8.Ne2 c5
9.Be3 cxd4 10.cxd4 Nc6 11.O-O Na5 12.Bd3 b6 13.Qd2 Re8 14.Rac1 Bb7 15.Bb5 Rf8
16.Ng3 a6 17.Be2 b5 18.Rfd1 Re8 19.d5 Rc8 20.Rxc8 Bxc8 21.Bd4 Bxd4 22.Qxd4 Qc7
23.e5 Bb7 24.d6 exd6 25.exd6 Qd7 26.Bg4 f5 27.Bxf5 gxf5 28.Nh5 Re6 29.Nf6+ Rxf6
30.Qxf6 Be4 31.f3 Bc6 32.Re1  1-0

[Event "Wch U20"]
[Site "Medellin"]
[Date "1996.??.??"]
[Round "6"]
[White "Sriram, Jha"]
[Black "Pelletier, Yannick"]
[Result "1/2-1/2"]
[WhiteElo "2345"]
[BlackElo "2440"]

1.d4 Nf6 2.c4 g6 3.Nc3 d5 4.cxd5 Nxd5 5.e4 Nxc3 6.bxc3 Bg7 7.Bc4 c5 8.Ne2 Nc6
9.Be3 O-O 10.O-O Bg4 11.f3 Na5 12.Bd3 cxd4 13.cxd4 Be6 14.Rc1 Bxa2 15.Qa4 Be6
16.d5 Bd7 17.Qb4 b6 18.Rfd1 Rc8 19.Nd4 Rxc1 20.Rxc1 e6 21.d6 Nb7 22.Rc7 Nc5
23.Be2 Bc8 24.Rxc5 bxc5 25.Qxc5 Bd7 26.Qxa7 f5 27.Bc4 Qc8 28.Qxd7  1/2-1/2

[Event "Wch U18"]
[Site "Menorca"]
[Date "1996.??.??"]
[Round "2"]
[White "Leitao, Rafael"]
[Black "Yin Hao"]
[Result "1-0"]
[WhiteElo "2475"]
[BlackElo "2320"]

1.d4 Nf6 2.c4 g6 3.Nc3 d5 4.cxd5 Nxd5 5.e4 Nxc3 6.bxc3 Bg7 7.Nf3 c5 8.Rb1 O-O
9.Be2 Nc6 10.d5 Ne5 11.Nxe5 Bxe5 12.Qd2 e6 13.f4 Bc7 14.O-O exd5 15.exd5 Ba5
16.d6 b6 17.Bf3 Bf5 18.Bxa8 Bxb1 19.Bd5 Qf6 20.Bb2 Bf5 21.c4 Bxd2 22.Bxf6 Bd7
23.f5 gxf5 24.Bf3 h6 25.Be7 Re8 26.h4 f4 27.g3 Be3+ 28.Kg2  1-0

[Event "Wch U18"]
[Site "Menorca"]
[Date "1996.??.??"]
[Round "5"]
[White "Banikas, Hristos"]
[Black "Kalod, Radek"]
[Result "0-1"]
[WhiteElo "2445"]
[BlackElo "2380"]

1.d4 Nf6 2.c4 g6 3.Nc3 d5 4.cxd5 Nxd5 5.e4 Nxc3 6.bxc3 Bg7 7.Be3 c5 8.Qd2 Qa5
9.Nf3 Nc6 10.Rc1 cxd4 11.cxd4 Qxd2+ 12.Kxd2 O-O 13.d5 Rd8 14.Ke1 Nb4 15.Bd2 Na6
16.Bxa6 bxa6 17.Ba5 Rd7 18.Bc3 Rc7 19.Bb2 Rxc1+ 20.Bxc1 f5 21.exf5 Bxf5 22.Ke2 Be4
23.Rd1 Rd8 24.Bg5 Rxd5 25.Rxd5 Bxd5 26.Bxe7 Bxa2 27.Bc5 Bd5 28.g3 a5 29.Nd4 a4
30.Kd3 a6 31.f4 Kf7 32.g4 h5 33.gxh5 gxh5 34.h4 Bf6 35.Nf5 Ke6 36.Ng3 Bf3
37.Kc4 Bxh4 38.f5+ Kf7 39.Nxh5 Bxh5 40.Kb4 Bd1 41.Ka3 Kf6 42.Bd4+ Kxf5 43.Kb2 Ke4
44.Bc3 Kd3 45.Be5 Kc4 46.Bg7 Be7 47.Kc1 Kb3 48.Kb1 Bg5 49.Ka1 a3 50.Kb1 Bc2+  0-1

[Event "Wch U18"]
[Site "Menorca"]
[Date "1996.??.??"]
[Round "7"]
[White "Dao Thien Hai"]
[Black "Kalod, Radek"]
[Result "1-0"]
[WhiteElo "2535"]
[BlackElo "2380"]

1.d4 Nf6 2.c4 g6 3.Nc3 d5 4.cxd5 Nxd5 5.e4 Nxc3 6.bxc3 Bg7 7.Bb5+ c6 8.Ba4 b5
9.Bb3 b4 10.Ne2 bxc3 11.Be3 Ba6 12.Rc1 Nd7 13.e5 Qa5 14.e6 fxe6 15.Bxe6 Rd8
16.O-O Rf8 17.Qc2 Rf6 18.Bg4 Nb6 19.Rfe1 Nd5 20.Nxc3 Qxc3 21.Qxc3 Nxc3 22.Rxc3 Rfd6
23.Ra3 Bc8 24.Bxc8 Rxc8 25.Rxa7 Rd7 26.Ra4 Rd5 27.Rc1 Kd7 28.g3 Bf6 29.Kg2 h5
30.h4 Ke6 31.Ra6 Kd7  1-0

[Event "Wch U14"]
[Site "Menorca"]
[Date "1996.??.??"]
[Round "8"]
[White "Kobylkin, Evgeni"]
[Black "Khamrakulov, Ibragim S"]
[Result "0-1"]
[WhiteElo "2365"]
[BlackElo "2310"]

1.d4 Nf6 2.c4 g6 3.Nc3 d5 4.cxd5 Nxd5 5.e4 Nxc3 6.bxc3 Bg7 7.Bc4 c5 8.Ne2 Nc6
9.Be3 O-O 10.Rc1 cxd4 11.cxd4 Qa5+ 12.Kf1 Qa3 13.Qd2 Rd8 14.d5 Ne5 15.Bb5 a6
16.Bc5 Qf3 17.Ng3 Bh3 18.gxh3 axb5 19.Bxe7 Rdc8 20.Rxc8+ Rxc8 21.Bg5 h6 22.Be3 f5
23.exf5 gxf5 24.Rg1 f4 25.Bxf4 Nd3 26.Qe2 Nxf4  0-1

[Event "Wch U18"]
[Site "Menorca"]
[Date "1996.??.??"]
[Round "9"]
[White "Naumann, Alexander"]
[Black "Mallahi, Amir"]
[Result "1-0"]
[WhiteElo "2365"]
[BlackElo "2200"]

1.d4 Nf6 2.c4 g6 3.Nc3 d5 4.cxd5 Nxd5 5.e4 Nxc3 6.bxc3 Bg7 7.Bc4 c5 8.Ne2 Nc6
9.Be3 cxd4 10.cxd4 O-O 11.Rc1 Qa5+ 12.Kf1 e6 13.h4 b5 14.Bb3 Bb7 15.h5 Rad8
16.hxg6 hxg6 17.e5 Nxe5 18.Bd2 b4 19.dxe5 Qxe5 20.Qe1 a5 21.Bf4 Qb5 22.f3 Bf6
23.Qg3 Rd4 24.Be3 Ba6 25.Re1 Rd3 26.Bxe6 fxe6 27.Qxg6+ Bg7 28.Bh6 Qb7 29.Bxg7 Rdxf3+
30.Kg1 Qxg7 31.Qxg7+  1-0